00840nam a2200241Ia 4500003000400000005001700004008004100021040001800062041000800080082002000088100003000108245004300138250001200181260004300193300002700236650004100263650004200304650003800346650003800384942003200422999001900454952012500473OSt20250604095853.0210716s1990 xx 000 0 und d cAIMIT LIBRARY aeng a005.7402 bSAYJ aSayles, Jonathan.9212662 aSql spoken here /cBy Jonathan Sayles. a1st ed. aNew Delhi :bBPB Publications ,c1990. axi,269 p.;bPBc24 cm. aOverview and system features9212663 aRelational terms and concepts9212674 aSorting the results table9212675 aData retrieval statements9212676 2ddccBKe1stk005.7402 SAYJ c181719d181719 001040708MCAaAIMITbAIMITd2021-07-16g90.00l0o005.7402 SAYJpMCA01227r2025-07-21 00:00:00v90.00w2021-07-16yBK